000 00759nam a2200253 i 4500
001 bg
100 1 _aJedliński, Ryszard.
245 1 0 _aPodwozia samochodów :
_bpodstawy teorii i konstrukcji /
_cRyszard Jedliński.
260 _aBydgoszcz :
_bWydawnictwa Uczelniane Uniwersytetu Technologiczno-Przyrodniczego,
_ccop. 2007.
300 _a285 s. :
_bil. ;
_c24 cm.
504 _aBibliogr. s. 282-285.
650 9 _aPodwozia
650 9 _aSamochody
_xbudowa i konstrukcje
655 _aPodręczniki akademickie
015 _aPB 24328/2008
020 _a9788389334541
040 _cBPK
041 _apol
044 _aPOL
080 _a629.33.02(075.8)
920 _a978-83-89334-54-1
942 _cKS
008 080923s2007 pl a f f |000 0 pol
999 _c56310
_d56310
856 _uhttp://koha.tu.koszalin.pl/cgi-bin/koha/opac-detail.pl?biblionumber=56310
_yKatalog online BPK